| 000 | 00531nam a22001817a 4500 | ||
|---|---|---|---|
| 999 |
_c524904 _d524904 |
||
| 003 | NUST | ||
| 038 | _aFaiza | ||
| 082 |
_a891.421 _bFAR |
||
| 100 |
_aFardoos, Afzaal _915703 |
||
| 245 |
_aRasta Bhully Khawab / _cAfzaal Fardoos |
||
| 260 |
_aLahore : _bDastavez Matbuaat, _c2001. |
||
| 300 | _a111 p. ; | ||
| 500 | _aHardcover. | ||
| 880 |
_6100-01\r _aافضال فردوس |
||
| 880 |
_6245-02\r _aرستہ بھلے خواب / |
||
| 880 |
_6260-03\r _aلاہور : _bدستاویز مطبوعات, _c۲۰۰۱. |
||
| 942 |
_2ddc _cBK |
||